000 00472nam a22001577i 4500
999 _c22846
_d22846
003 AR-CdUCM
008 240424b20032003pe ||||| |||| 00| 0 spa d
040 _aMUNICIPALIDAD PROVINCIAL DEL CUSCO
_cBIBLIOTECA MUNICIPAL DEL CUSCO
082 _a869.57 / E64
_bE64
100 _aEnríquez Vidal, Irina Milenka
_949637
245 _aCruzando El Arco Iris /
260 _aCusco :
_c2003
300 _a29 páginas. :
_c20.8 cm.
942 _2ddc
_cLIBROS
945 _apbj
_d2024-04-24